01723cam a22003854i 4500003000900000005001700009008004100026020001800067035002700085040004200112080002300154080002300177082001900200100004100219245015600260264004300416300003800459336002100497337002500518338002300543490002100566504004100587505050400628526000901132526000901141526000801150526000801158526000801166526000801174541001601182650004301198650001701241650003701258700004201295PE-LiUPU20250731175632.0150507s2007 sp rb 000 0 spa d a9788499589725 a(Sirsi) i9788499589725 aESUDEbspacESUDEdBNMdPE-LiUPUerda a37.02:811.134.2'36 a811.134.2'36:37.0204a460.7bV592211 aVicente Mateu, Juan Antonio,eautor.10aEnseñar y aprender lengua :b un enfoque comunicativo de la didáctica de la gramática /cJuan Antonio Vicente Mateu, Pedro Andrés Vicente Ruiz. 1aMadrid :bEditorial Sintesis,c[2013]. a212 páginas ;c25 centímetros atext2rdacontent aunmediated2rdamedia avolume2rdacarrier1 aEducar, instruir aBibliografía : páginas 209-2012.0 aAcción comunicativa: lenguaje, funciones y competencias -- Aprendizaje dialógico --Tareas modelizadas -- Competencia simiótico-intertextual -- Producción cultural en una escuela del sujeto -- Gramática de la ortografía, la puntuación y la entonación --Gramática del género -- Gramática de los extranjerismos -- Gramática de la sintaxis: tópico y foco -- Gramática del texto -- Gramática de la manipulación semática -- Gramática de las relaciones interpersonales. aP145 aP127 aP97 aP35 aP14 aP07 g001-002618; 7aLengua españolaxDidáctica.2embne04aGramática.04aLenguaje y lenguasxEnseñanza.1 aVicente Ruiz, Pedro Andrés,eautor.